Statistics for Obce okresu Ostrava - město

Click here to take the quiz!

General Stats

  • This quiz has been taken 51 times
  • The average score is 5 of 13

Answer Stats

ObyvateléObec% Correct
287 968Ostrava
91%
7 293Vratimov
57%
6 393Šenov
49%
4 495Klimkovice
43%
2 918Vřesina
37%
2 071Velká Polom
31%
1 483Dolní Lhota
29%
838Horní Lhota
29%
500Čavisov
23%
2 036Václavovice
20%
704Olbramice
14%
2 822Stará Ves nad Ondřejnicí
14%
624Zbyslavice
14%

Score Distribution

Percentile by Number Answered

Percent of People with Each Score

Your Score History

You have not taken this quiz